Govt. of
Madhya Pradesh

सामान्‍य अध्‍ययन 2012 प्रश्‍न पत्र 2 (Record no. 45586)

MARC details
000 -LEADER
fixed length control field 004290000a22001450004500
003 - CONTROL NUMBER IDENTIFIER
control field MACL
005 - DATE AND TIME OF LATEST TRANSACTION
control field 20160131171909.0
008 - FIXED-LENGTH DATA ELEMENTS--GENERAL INFORMATION
fixed length control field 160131b xxu||||| |||| 00| 0 eng d
040 ## - CATALOGING SOURCE
Original cataloging agency MACL
Transcribing agency MACL
041 ## - LANGUAGE CODE
Language code of text/sound track or separate title Hindi
082 ## - DEWEY DECIMAL CLASSIFICATION NUMBER
Classification number 001
245 ## - TITLE STATEMENT
Title सामान्‍य अध्‍ययन 2012 प्रश्‍न पत्र 2
260 ## - PUBLICATION, DISTRIBUTION, ETC. (IMPRINT)
Place of publication, distribution, etc. नई दिल्‍ली
Name of publisher, distributor, etc. Tata Mc Graw Hill
Date of publication, distribution, etc. 2012
942 ## - ADDED ENTRY ELEMENTS (KOHA)
Koha item type Hindi Books
Call number prefix 001
Source of classification or shelving scheme
Holdings
Withdrawn status Lost status Source of classification or shelving scheme Damaged status Not for loan Home library Current library Date acquired Total Checkouts Full call number Barcode Date last seen Date last checked out Uniform Resource Identifier Price effective from Koha item type
          MACL MACL 15/04/2015 1 001 CLHC21531 02/08/2017 01/08/2017 46067 15/04/2015 Books